| 000 | 00501nam a2200193Ia 4500 | ||
|---|---|---|---|
| 005 | 20230610121249.0 | ||
| 008 | 131103s9999 xx 000 0 und d | ||
| 040 | _aLoreto College | ||
| 041 | _aEnglish | ||
| 082 |
_a804 _bLEW |
||
| 100 | _alEWIS, C.S. | ||
| 245 | 4 |
_aThe Asked for a paper _b papers and addresses _cC. S. Lewis |
|
| 260 |
_aLondon _bGeoffrey Bles _c1962 |
||
| 300 | _a211 p. | ||
| 650 | _aLiterary Theory - | ||
| 651 | _aLiterary Criticism - | ||
| 850 | _aLCLIB | ||
| 942 | _cBK | ||
| 999 |
_c474 _d50953 |
||